01750nam a22001337a 4500008004100000020001800041082001500059100006500074245006800139260005500207300002300262505123100285650010001516191127b xxu||||| |||| 00| 0 eng d a9789492095534 a707bUN58u aBinna Choi; Annette Krauss; Yolande van der Heide (Editores) aUnlearning Exercises: Art Organizations as Sites for Unlearning aAmsterdambValiz, book and cultural projectsc2018 a231 p.c22 x 17 cm tForeword: Unlearnig to UnlearnrKerstin Stakemeier y Marina VishmidttIntroduction rLiz Allan y Yolande van der Heide tUnlearning Excercises rThe Shifting Team at Casco and Annette Krauss tToilet (T)issues #1: Toilet Tissue and Other Formless Organizational Matters rAntariksa, Binna Choi, Emily Pethick, Ferdiansyah Thajib y SyafiatudinatLifelong Learning and the Professionalized Learner rAnnette KrausstThe Imperative for Self-Attainment: From Cradle to GraverAndrea PhillipstToilet (T)issues #3: Against All Odds - Migrant Domesic Labor Struggle and Forms of Organizing. rJacob Apostol, Binna Choi, Joy Melanie Escano, Annette Kraus, Faisol Iskandar, Ismiatun, Sakiko Sugawa, Yolande van der Heide, and Erminah Zaenah. tSites for Unlearning in the MuseumrNancy JouwetDecolonizing Art Institutes from a Labor Point of ViewrBinna Choi y Yolande van der HeidetToilet (T)issues #2: The Elephant in the Room (and Different Ways of Dealing with It)rYollotl Alvarado, Binna Choi, Andrés García, Brigitta Isabella, Ying Que, Ferdiansyah Thajib, and Yolande van der Heide. tAfterword: Have You Had a Productive Day?rBinna Choi y Annette KrausstGlossary of Terms tBibliographytColophon and Acknowledgements vArte contemporáneoxArte - educaciónxArte - sociedadxArte - filosofíazArte - Amsterdan